000 00752nam a22002297a 4500
003 OSt
005 20250901031452.0
008 250901b |||||||| |||| 00| 0 eng d
020 _a978-621-409-1461
040 _aDWC-Main Lib
_cOC
082 _aFil. 991.408 R287 2019
100 _aDelos Santos, Andres R.
245 _aReadings in Philippine history/
_cAndres R. Delos Santos [and three others]
260 _aMandaluyong City :
_bBooks Atbp Publishing,
_cc2019.
300 _aviii, 132 pages :
_billustrations ;
_c25cm.
504 _aIncludes bibliographical references.
650 _a1. History ---Philippines.
700 _aRamos, Orlando H.
700 _aAmbida, Melvin N.
700 _aMaliban, NiƱo P.
942 _2ddc
_cBK - FIL
_kFil.
_n0
999 _c4419
_d4419